000 00416nam a2200181Ia 4500
008 210210b1926 xxu||||| |||| 00| 0 eng d
041 _aeng
082 _a515/11
100 _aASKWITH (E H)
245 _aCourse of pure geometry
260 _aLondon
_bCambridge University Press
_c1926
650 _apure
650 _aof
650 _ageometry
650 _aCourse
690 _aGeometry
906 _a007577
999 _c140117
_d140117